| 000 | 01028nam a2200241Ia 4500 | ||
|---|---|---|---|
| 999 |
_c35976 _d35976 |
||
| 001 | 1875 | ||
| 003 | GE_BSU | ||
| 005 | 20190430104404.0 | ||
| 008 | 181216s2011||||ge |||||||||||||| ||geo|| | ||
| 020 | _a9789941912597 | ||
| 040 | _cGE_BSU | ||
| 041 | _ageo | ||
| 080 | _a342(075.8) დ–32 | ||
| 100 |
_aდემეტრაშვილი, ავთანდილ _9162 |
||
| 245 |
_aკონსტიტუციური სამართალი / _bსახელმძღვანელო ბაკალავრიატის სტუდენტებისათვის. |
||
| 264 |
_aთბილისი : _bინოვაცია, _c2011. |
||
| 300 |
_a504 გვ.; _b19 სმ. |
||
| 653 | _aსამართალი | ||
| 653 | _aსაქართველოს კონსტიტუცია | ||
| 653 | _aკონსტიტუციური სამართალი | ||
| 700 |
_aკობახიძე, ირაკლი. _eავტორი _9134 |
||
| 942 |
_cBK _2udc |
||